Neural networks and fuzzy systems : (Record no. 175284)
[ view plain ]
| 000 -LEADER | |
|---|---|
| fixed length control field | 01257 a2200229 4500 |
| 003 - CONTROL NUMBER IDENTIFIER | |
| control field | Nust |
| 005 - DATE AND TIME OF LATEST TRANSACTION | |
| control field | 20221020154208.0 |
| 010 ## - LIBRARY OF CONGRESS CONTROL NUMBER | |
| LC control number | 96043309 |
| 020 ## - INTERNATIONAL STANDARD BOOK NUMBER | |
| International Standard Book Number | 0792398149 (acid-free paper) |
| 040 ## - CATALOGING SOURCE | |
| Transcribing agency | Nust |
| 082 00 - DEWEY DECIMAL CLASSIFICATION NUMBER | |
| Classification number | 006.3,ABE |
| 100 1# - MAIN ENTRY--PERSONAL NAME | |
| Personal name | Abe, Shigeo, |
| 9 (RLIN) | 101028 |
| 245 10 - TITLE STATEMENT | |
| Title | Neural networks and fuzzy systems : |
| Remainder of title | theory and applications / |
| Statement of responsibility, etc. | Shigeo Abe ; foreword by Anca Ralescu. |
| 260 ## - PUBLICATION, DISTRIBUTION, ETC. | |
| Place of publication, distribution, etc. | Boston : |
| Name of publisher, distributor, etc. | Kluwer Academic, |
| Date of publication, distribution, etc. | c1997. |
| 300 ## - PHYSICAL DESCRIPTION | |
| Extent | xvi, 258 p. : |
| Other physical details | ill. ; |
| Dimensions | 25 cm. |
| 505 ## - FORMATTED CONTENTS NOTE | |
| Formatted contents note | Introduction (Page-xv),Overview of Neural Networks (Page-1),The Hopfield Networks (Page-7),Multilayered Networks (Page-45),Other Neural Networks (Page-93),Overview of Fuzzy Systems (Page-127),Fuzzy Rule Extraction for Pattern Classification form Numerical Data (Page-151),Fuzzy Rule Extraction for Function Approximation form Numerical Data (Page-199),Composite Systems (Page-209).Composite Systems (Page-209), References (Page-225). |
| 650 #0 - SUBJECT ADDED ENTRY--TOPICAL TERM | |
| Topical term or geographic name entry element | Fuzzy systems. |
| 650 #0 - SUBJECT ADDED ENTRY--TOPICAL TERM | |
| Topical term or geographic name entry element | Neural networks (Computer science) |
| 9 (RLIN) | 18586 |
| 856 42 - ELECTRONIC LOCATION AND ACCESS | |
| Materials specified | Publisher description |
| Uniform Resource Identifier | <a href="http://www.loc.gov/catdir/enhancements/fy0820/96043309-d.html">http://www.loc.gov/catdir/enhancements/fy0820/96043309-d.html</a> |
| 856 42 - ELECTRONIC LOCATION AND ACCESS | |
| Materials specified | Table of contents only |
| Uniform Resource Identifier | <a href="http://www.loc.gov/catdir/enhancements/fy0820/96043309-t.html">http://www.loc.gov/catdir/enhancements/fy0820/96043309-t.html</a> |
| 942 ## - ADDED ENTRY ELEMENTS (KOHA) | |
| Source of classification or shelving scheme | |
| Koha item type | Book |
| Call number prefix | 006.3,ABE |
| Withdrawn status | Lost status | Source of classification or shelving scheme | Damaged status | Not for loan | Permanent Location | Current Location | Shelving location | Date acquired | Full call number | Barcode | Date last seen | Price effective from | Koha item type | Public note |
|---|---|---|---|---|---|---|---|---|---|---|---|---|---|---|
| Military College of Signals (MCS) | Military College of Signals (MCS) | General Stacks | 12/12/2016 | 006.3 ABE | MCS5610 | 12/08/2016 | 12/12/2016 | Book | Almirah No.81, Shelf No.3 |
